Multikriteriálne a mutlivariantné rozhodovanie ako podpora rozhodovacieho procesu

Základne pojmy pre multikriteriálne rozhodovanie. Základné prístupy k rozhodovacím procesom (MCDM). Klasifikácia MADM rozhodovacích metód.

Salvato in:
Dettagli Bibliografici
Autore principale: Filanová, Jana, 1967-
Natura: Capitolo di libro
Lingua:slovacco
Soggetti:
Tags: Aggiungi Tag
Nessun Tag, puoi essere il primo ad aggiungerne!!

MARC

LEADER 00000nla a2200000 4500
001 0239665
005 20240502073902.6
041 0 |a slo 
044 |a SK 
245 1 0 |a Multikriteriálne a mutlivariantné rozhodovanie ako podpora rozhodovacieho procesu  |c Jana Filanová 
520 |a Základne pojmy pre multikriteriálne rozhodovanie. Základné prístupy k rozhodovacím procesom (MCDM). Klasifikácia MADM rozhodovacích metód. 
610 2 0 |a rozhodovanie 
610 2 0 |a procesy rozhodovacie 
610 2 0 |a metódy 
610 2 0 |a kritériá rozhodovania 
610 2 0 |a klasifikácia 
100 1 |a Filanová, Jana, 1967-